| 000 | 00000nam##2200000za#4500 |
| 001 | 9.575071 |
| 003 | CaOODSP |
| 005 | 20210624184504 |
| 007 | cr ||||||||||| |
| 008 | 150406|2006||||xxc|||||o f|0| 0 eng|d |
| 022 | |a1488-5379 |
| 040 | |aCaOODSP|beng |
| 043 | |an-cn--- |
| 086 | 1 |aFs97-6/2641E-PDF |
| 110 | 1 |aCanada. |bDepartment of Fisheries and Oceans. |
| 245 | 10|aPotential application of bioenergetics models to habitat modeling and importance of appropriate metabolic rate estimates with special consideration for Atlantic salmon / |h[electronic resource]|cby E.C. Enders and D.A. Scruton. |
| 260 | |aSt. John's - Newfoundland and Labrador : |bFisheries and Oceans Canada |cc2006. |
| 300 | |a46p.|bfigs., references |
| 490 | 1 |aCanadian technical report of fisheries and aquatic sciences|x1488-5379|vNo. 2641 |
| 500 | |aThe catalogue number and ISSN for the print edition appear in this electronic version. |
| 590 | |a12-37-Supp|b2012-09-24 |
| 720 | 1 |aScruton, D. A. |
| 720 | 1 |aEnders, E. C. |
| 830 | #0|aCanadian technical report of fisheries and aquatic sciences,|x1488-5379|vNo. 2641|w(CaOODSP)9.504449 |
| 856 | 40|ahttp://publications.gc.ca|qPDF|s290 KB|uhttps://publications.gc.ca/collections/collection_2012/mpo-dfo/Fs97-6-2641-eng.pdf|yNo. 2641 |